Word Ladder: Bottled Water Quiz Stats

 Plays Quiz Updated Jun 29, 2017

Support Sporcle.
Go Orange.
Score 0/13 Timer 01:30
0 Plays Today
Clue 4-Letter Word % Correct
First word in a magician's spellABRA
93.6%
🌊 Shade of blue πŸŒŠπŸ’¦ AQUA πŸ’¦
91.4%
Band with BjΓΆrn, Agnetha, Benny, and Anni-FridABBA
88.9%
Bona ____, genuineFIDE
88.1%
Governing body of soccerFIFA
82.3%
AssistantAIDE
80.2%
Shrill fluteFIFE
78.8%
Water, in QuitoAGUA
78.5%
'M*A*S*H' star AlanALDA
78.1%
Taj Mahal localeAGRA
74.7%
Sue Storm in 2005's 'Fantastic Four'ALBA
74.5%
Verdi opera with an Ethiopian princessAIDA
73.5%
🌊 With (first rung), a water bottle brand πŸŒŠπŸ’¦ FINA πŸ’¦
63.1%

Today's Daily Dose

You're not logged in!

Compare scores with friends on all Sporcle quizzes.
OR
Log In
Forgot?

From the Vault

Double Letter TV Characters

by Pilgab

The triple letters are crawling out to one-up them all.
Remove Ads.
Support Sporcle.
Get the best of Sporcle when you Go Orange. This ad-free experience offers more features, more stats, and more fun while also helping to support Sporcle. Thank you for becoming a member.

Show Comments

Extras

Top Quizzes Today


Score Distribution

Your Account Isn't Verified!

In order to create a playlist on Sporcle, you need to verify the email address you used during registration. Go to your Sporcle Settings to finish the process.

Report this User

Report this user for behavior that violates our Community Guidelines.

Details: